MARC details
| 000 -LEADER |
| fixed length control field |
01005nam a2200217Ia 4500 |
| 003 - CONTROL NUMBER IDENTIFIER |
| control field |
IN-BaIIA |
| 008 - FIXED-LENGTH DATA ELEMENTS--GENERAL INFORMATION |
| fixed length control field |
211028s9999 xx 000 0 eng d |
| 020 ## - INTERNATIONAL STANDARD BOOK NUMBER |
| International Standard Book Number |
0-7923-5009-X |
| 040 ## - CATALOGING SOURCE |
| Transcribing agency |
IIA Library |
| 080 ## - UNIVERSAL DECIMAL CLASSIFICATION NUMBER |
| Universal Decimal Classification number |
524.3 |
| Item number |
DUS |
| 111 ## - MAIN ENTRY--MEETING NAME |
| Meeting name or jurisdiction name as entry element |
International Workshop on Dust and Molecules in Evolved Stars |
| Location of meeting |
Manchester, United Kingdom |
| Date of meeting or treaty signing |
1997 Mar. 24- 27 |
| 9 (RLIN) |
24695 |
| 245 #0 - TITLE STATEMENT |
| Title |
Dust and molecules in evolved stars |
| Remainder of title |
proceedings of an international workshop on dust and molecules in evolved stars, held in Manchester, United Kingdom, 24- 27 March, 1997 |
| Statement of responsibility, etc. |
edited by I. Cherchneff and T. J. Millar |
| 260 ## - PUBLICATION, DISTRIBUTION, ETC. |
| Place of publication, distribution, etc. |
Dordrecht |
| Name of publisher, distributor, etc. |
Kluwer Academic |
| Date of publication, distribution, etc. |
1998 |
| 300 ## - PHYSICAL DESCRIPTION |
| Extent |
394p. |
| 650 ## - SUBJECT ADDED ENTRY--TOPICAL TERM |
| Topical term or geographic name entry element |
Cosmic dust -- Congresses |
| 9 (RLIN) |
24696 |
| 650 ## - SUBJECT ADDED ENTRY--TOPICAL TERM |
| Topical term or geographic name entry element |
Cosmochemistry -- Congresses. |
| 9 (RLIN) |
22643 |
| 650 ## - SUBJECT ADDED ENTRY--TOPICAL TERM |
| Topical term or geographic name entry element |
Stars -- Atmospheres -- Congresses |
| 9 (RLIN) |
24697 |
| 700 ## - ADDED ENTRY--PERSONAL NAME |
| Personal name |
Cherchneff, I., ed. |
| 9 (RLIN) |
24698 |
| 700 ## - ADDED ENTRY--PERSONAL NAME |
| Personal name |
Millar, T. J., ed. |
| 9 (RLIN) |
15764 |
| 942 ## - ADDED ENTRY ELEMENTS (KOHA) |
| Koha item type |
Books |